Limiting secularism (Record no. 1680)

MARC details
000 -LEADER
fixed length control field 00522 a2200169 4500
001 - CONTROL NUMBER
control field 067822
003 - CONTROL NUMBER IDENTIFIER
control field OSt
005 - DATE AND TIME OF LATEST TRANSACTION
control field 20220106114833.0
008 - FIXED-LENGTH DATA ELEMENTS--GENERAL INFORMATION
fixed length control field
082 ## - DEWEY DECIMAL CLASSIFICATION NUMBER
Classification number 809.8954
Item number P93L
100 1# - MAIN ENTRY--PERSONAL NAME
Personal name Priya Kumar
245 1# - TITLE STATEMENT
Title Limiting secularism
Statement of responsibility, etc by Priya Kumar
260 ## - PUBLICATION, DISTRIBUTION, ETC. (IMPRINT)
Place of publication, distribution, etc Ranikhet
Name of publisher, distributor, etc Permanent Black
Date of publication, distribution, etc 2008
300 ## - PHYSICAL DESCRIPTION
Extent 299p.
653 ## - INDEX TERM--UNCONTROLLED
Uncontrolled term Motion pictures--Moral and ethical aspects; Secularism in literature; South Asian literature; India; Secularism in motion pictures
942 ## - ADDED ENTRY ELEMENTS (KOHA)
Source of classification or shelving scheme Dewey Decimal Classification
Koha item type Books
Holdings
Withdrawn status Lost status Source of classification or shelving scheme Damaged status Not for loan Collection code Home library Current library Date acquired Source of acquisition Cost, normal purchase price Full call number Barcode Date last seen Price effective from Koha item type
    Dewey Decimal Classification     General Text Book Central University Of Rajasthan Central University Of Rajasthan 07/03/2012 ENG 695.00 809.8954 P93L 2109 21/11/2024 02/09/2020 Books